000 01082nam0a22003011 4500
001 RU\INFOCOMM_318\NLR\5000071806
005 20250613102431.0
035 _a(NLR Aleph) 009443179
090 _a8357888
_c8357888
100 _a20121126d1988 |||y0rusy50 ca
101 1 _aeng
_crus
102 _aRU
105 _ay z |||||
200 1 _aˆThe ‰nature of science
_eAn epistemological analysis
_fV. Ilyin, A. Kalinkin
_g[Transl. from the Russ. by Sergei Syrovatkin]
210 _aM.
_cProgress
_d1988
215 _a253 с.
_d21 см
300 _aВ вып. дан.: Природа науки / Виктор Васильевич Ильин, Анатолий Терентьевич Калинкин
320 _aБиблиогр.: с. 241-247
620 _aМосква
686 _aА518
_2rubbk
700 1 _9z01790
_aIl'in
_bV. V.
_f1930-
_gViktor Vasil'evič
701 1 _aKalinkin
_bA. T.
_gAnatolij Terent'evič
790 1 _9z01700
_aIlyin
_bV.
_4070
801 1 _aRU
_bNLR
_c20121126
801 0 _aRU
_bINFOCOMM
_gPSBO
852 _aNLR
_jД01 Д-3/740
942 _cBOOK
980 _aNB